| 000 | 00503nam a22001817a 4500 | ||
|---|---|---|---|
| 005 | 20260530145732.0 | ||
| 008 | 260530b |||||||| |||| 00| 0 eng d | ||
| 020 |
_a9783110402193 _c3699.11 |
||
| 040 | _aMAIN | ||
| 041 | _aGerman | ||
| 082 |
_a809.93353 _bLIT |
||
| 100 |
_aKosenina, Alexander _926947 |
||
| 245 |
_aLiterarische Anthropologie _b: Grundlagentexte zur Neuentdeckung Des Menschen |
||
| 260 |
_aBerlin _bDe Gruyter _c2016 |
||
| 300 | _a296 | ||
| 650 | _aGerman Language | ||
| 942 | _cBK | ||
| 999 |
_c60927 _d60927 |
||